000 005350000a22001810004500
041 0 _aSPA
082 0 4 _aG 253.4 K9618e
100 1 _aKuhne, Gary W.
245 1 0 _aLa dinámica de adiestrar discipulos / Gary W. Kuhne ; M. Francisco Liévano R., Traductor
260 _aPuerto Rico : Betania
300 _a154 Pag
500 _aTítulo original : Dynamics of discipleship training.
001 6157
942 _cBK
999 _c36450
_d36450
336 _atexto
_btxt
_2rdacontent
337 _2rdamedia
_asin mediación
_bn
338 _2rdacarrier
_avolumen
_bnc